Weber y Foucault /
Uloženo v:
| Hlavní autor: | |
|---|---|
| Médium: | Text |
| Témata: | |
| Tagy: |
Přidat tag
Žádné tagy, Buďte první, kdo vytvoří štítek k tomuto záznamu!
|
MARC
| LEADER | 00000 a a2200000 04500 | ||
|---|---|---|---|
| 001 | 13643 | ||
| 003 | |||
| 040 | |||
| 100 | |a Fernández González, Oscar | ||
| 245 | |a Weber y Foucault / |c Oscar Fernández González | ||
| 650 | |a RELACIONES DE PODER | ||
| 650 | |a LIBERTAD | ||
| 650 | |a CAMBIO SOCIAL | ||
| 650 | |a CONTROL SOCIAL | ||
| 650 | |a VIOLENCIA | ||
| 650 | |a DISCURSOS | ||
| 650 | |a MORAL | ||
| 773 | |g volumen 81, número 2; páginas 117-120 | ||
| 999 | |c 23532 |d 23532 | ||
